Formula 1 - Valtiot joista on tullut kuljettajia - Statistics

Yleistilastot
  • Tätä visaa on pelattu 328 kertaa
    291 viimeisimmän päivityksen jälkeen
  • Keskiarvotulos 32 / 41
Vastaustilastot
Manner Valtio % Oikein
Eurooppa Suomi
99%
Eurooppa Ruotsi
98%
Oseania Australia
95%
Eurooppa Espanja
95%
Amerikka Yhdysvallat
95%
Eurooppa Ranska
94%
Eurooppa Saksa
94%
Amerikka Brasilia
93%
Aasia Japani
93%
Amerikka Kanada
93%
Eurooppa Alankomaat
92%
Eurooppa Italia
92%
Aasia Kiina
92%
Eurooppa Venäjä
92%
Amerikka Argentiina
90%
Eurooppa Yhdistyt Kuningaskunta
90%
Amerikka Meksiko
86%
Eurooppa Belgia
85%
Eurooppa Puola
85%
Eurooppa Tanska
85%
Afrikka Etelä-Afrikka
83%
Eurooppa Itävalta
82%
Eurooppa Portugali
81%
Oseania Uusi-Seelanti
81%
Eurooppa Monaco
80%
Eurooppa Sveitsi
80%
Aasia Intia
78%
Eurooppa Irlanti
76%
Eurooppa Tšekki
73%
Amerikka Chile
71%
Amerikka Kolumbia
69%
Aasia Thaimaa
69%
Eurooppa Unkari
69%
Amerikka Venezuela
61%
Aasia Indonesia
57%
Afrikka Marokko
52%
Amerikka Uruguay
48%
Aasia Malesia
44%
Afrikka Zimbabwe / Rhodesia
33%
Eurooppa Itä-Saksa
26%
Eurooppa Liechtenstein
26%
Ehtoja vastaavia visoja ei löytynyt
Tulosjakauma
Jokaisen tuloksen saaneiden osuus
Persentiili vastausten määrän mukaan
Tuloshistoriasi
Et ole pelannut tätä visaa sen viimeisimmän päivityksen jälkeen